[Event "25. Copenhagen Open  (Politiken Cup)"]
[Site "Copenhagen"]
[Date "2003.07.18"]
[Round "5"]
[White "Hansen, Alexei"]
[Black "Struch, Thomas"]
[Result "1/2-1/2"]
[WhiteElo "1973"]
[BlackElo "1600"]
[PlyCount "61"]
[EventDate "2003.07.14"]
[EventType "swiss"]
[EventRounds "11"]
[EventCountry "DEN"]
[SourceDate "2004.01.01"]

1. e4 c5 2. Nf3 Nc6 3. d4 cxd4 4. Nxd4 Nf6 5. Nc3 e5 6. Ndb5 d6 7. Bg5 a6 8.
Na3 b5 9. Bxf6 gxf6 10. Nd5 f5 11. Bxb5 axb5 12. Nxb5 Ra4 13. b4 Rxb4 14. Nxb4
Nxb4 15. O-O Be7 16. Qd2 Nc6 17. exf5 Bxf5 18. c3 Rg8 19. Kh1 Rg6 20. a4 Kf8
21. c4 Na5 22. Qe2 Be6 23. Rac1 Rg4 24. c5 dxc5 25. Qxe5 Qd5 26. Qb8+ Kg7 27.
f3 Rb4 28. Qg3+ Kf8 29. Qb8+ Kg7 30. Qg3+ Kf8 31. Qb8+ 1/2-1/2

[Event "25. Copenhagen Open  (Politiken Cup)"]
[Site "Copenhagen"]
[Date "2003.07.18"]
[Round "5"]
[White "Hansen, Anders"]
[Black "Nordenbaek, Jan"]
[Result "0-1"]
[WhiteElo "2044"]
[BlackElo "2254"]
[PlyCount "88"]
[EventDate "2003.07.14"]
[EventType "swiss"]
[EventRounds "11"]
[EventCountry "DEN"]
[SourceDate "2004.01.01"]

1. d4 Nf6 2. c4 g6 3. Nc3 Bg7 4. Nf3 O-O 5. Bg5 d6 6. e3 Nbd7 7. Be2 h6 8. Bh4
c6 9. O-O Nh7 10. Re1 f5 11. d5 Bxc3 12. bxc3 c5 13. Bg3 Qe8 14. Bd3 Qf7 15. h4
Qf6 16. h5 g5 17. Qc2 Rf7 18. Nh2 Ndf8 19. f4 e5 20. fxe5 dxe5 21. Rf1 f4 22.
Be1 Qd6 23. Bd2 Nf6 24. Be2 Bd7 25. Rae1 Rg7 26. Qb1 b6 27. Qc2 N8h7 28. a3 Rf8
29. a4 Be8 30. a5 Nxh5 31. Bg4 Ng3 32. Rf2 Bg6 33. Qa2 Nf6 34. Be6+ Kh8 35.
exf4 gxf4 36. axb6 axb6 37. Nf3 Nfe4 38. Qb2 Nxf2 39. Nxe5 Be4 40. Kxf2 Qxe5
41. Qxb6 f3 42. Qxc5 Qf6 43. Qe3 fxg2+ 44. Kg1 Qf1+ 0-1

[Event "25. Copenhagen Open  (Politiken Cup)"]
[Site "Copenhagen"]
[Date "2003.07.18"]
[Round "5"]
[White "Hansen, Jens Martin"]
[Black "De Andres Gonalons, Fernando"]
[Result "1/2-1/2"]
[WhiteElo "1731"]
[BlackElo "2112"]
[PlyCount "147"]
[EventDate "2003.07.14"]
[EventType "swiss"]
[EventRounds "11"]
[EventCountry "DEN"]
[SourceDate "2004.01.01"]

1. e4 e6 2. d3 d5 3. Nd2 c5 4. Ngf3 Nf6 5. g3 Be7 6. Bg2 O-O 7. O-O Nc6 8. Re1
b5 9. c3 dxe4 10. dxe4 e5 11. Qc2 h6 12. Nf1 Be6 13. Ne3 Qc7 14. b3 Rfd8 15.
Bb2 Rd7 16. Bf1 a6 17. a4 Rb8 18. axb5 axb5 19. Red1 Rxd1 20. Rxd1 Qb7 21. Bg2
Na5 22. Nd2 c4 23. b4 Nc6 24. Nd5 Rd8 25. Nxf6+ Bxf6 26. Nf1 Qa8 27. Rxd8+ Bxd8
28. Bc1 Qa1 29. Be3 Be7 30. Qc1 Qa4 31. f4 Bg4 32. f5 Kh7 33. Qd2 Qd1 34. Qxd1
Bxd1 35. h4 Nxb4 36. cxb4 c3 37. Bc1 Bxb4 38. Ne3 Bc5 39. Kf1 Bxe3 40. Bxe3 b4
41. Ke1 Bc2 42. Bf3 Ba4 43. Bd1 b3 44. Bxb3 Bxb3 45. Ke2 Bc4+ 46. Kf3 h5 47.
Bc1 f6 48. g4 hxg4+ 49. Kxg4 Bd3 50. Kf3 Bb1 51. Be3 g6 52. fxg6+ Kxg6 53. Bc1
Kh5 54. Ke3 Kxh4 55. Ba3 Kg5 56. Bb4 c2 57. Bd2 Kg6 58. Bc1 Kf7 59. Kd3 Ke6 60.
Kc4 Kd6 61. Kb5 Ba2 62. Kb4 Bg8 63. Kc3 Bh7 64. Ba3+ Kc6 65. Kxc2 Bxe4+ 66. Kd2
Kd5 67. Ke3 f5 68. Be7 f4+ 69. Kf2 Bg6 70. Bd8 Bh5 71. Bc7 Ke4 72. Bb8 Kf5 73.
Bc7 e4 74. Bb6 1/2-1/2

[Event "25. Copenhagen Open  (Politiken Cup)"]
[Site "Copenhagen"]
[Date "2003.07.18"]
[Round "5"]
[White "Hansen, Rene Rauer"]
[Black "Thestrup, Sixten"]
[Result "1-0"]
[WhiteElo "2055"]
[BlackElo "1704"]
[PlyCount "95"]
[EventDate "2003.07.14"]
[EventType "swiss"]
[EventRounds "11"]
[EventCountry "DEN"]
[SourceDate "2004.01.01"]

1. d4 f5 2. g3 Nf6 3. Bg2 g6 4. c4 Bg7 5. Nc3 O-O 6. Nh3 c6 7. O-O d6 8. d5 e5
9. dxe6 Bxe6 10. Qd3 Qe7 11. Bf4 Rd8 12. Rad1 Qf7 13. Ng5 Qe8 14. Bxd6 Na6 15.
e4 Nc5 16. Qe2 Ncxe4 17. Ngxe4 Nxe4 18. Nxe4 fxe4 19. Bxe4 Bf5 20. Bf3 Qxe2 21.
Bxe2 Bxb2 22. Bf3 Rd7 23. c5 Kf7 24. Rfe1 Re8 25. Rxe8 Kxe8 26. g4 Be6 27. Re1
Kf7 28. g5 Bf5 29. Bd1 Kg7 30. Bb3 h6 31. h4 h5 32. Re8 a6 33. Bf8+ Kh7 34. Bh6
Rc7 35. Bg8+ Kh8 36. Rf8 Bg7 37. Bxg7+ Kxg7 38. Rd8 Rd7 39. Rxd7+ Bxd7 40. Bc4
Kf8 41. Kg2 Ke7 42. Bd3 Be8 43. Kf3 Ke6 44. Ke4 Ke7 45. Ke5 Bf7 46. a3 Be8 47.
f4 Bf7 48. f5 1-0

[Event "25. Copenhagen Open  (Politiken Cup)"]
[Site "Copenhagen"]
[Date "2003.07.18"]
[Round "5"]
[White "Harstad, Christian"]
[Black "Hein, Jacob"]
[Result "1-0"]
[WhiteElo "1714"]
[BlackElo "1220"]
[PlyCount "96"]
[EventDate "2003.07.14"]
[EventType "swiss"]
[EventRounds "11"]
[EventCountry "DEN"]
[SourceDate "2004.01.01"]

1. d4 Nf6 2. c4 g6 3. Nc3 Bg7 4. e4 d6 5. Nf3 Nbd7 6. e5 dxe5 7. dxe5 Ng4 8. e6
fxe6 9. Ng5 Nxf2 10. Kxf2 O-O+ 11. Ke1 Nc5 12. Qxd8 Rxd8 13. Bd2 Nd3+ 14. Bxd3
Rxd3 15. Ke2 Rd4 16. b3 h6 17. Nf3 Rg4 18. Kf2 Bd7 19. h3 Bd4+ 20. Nxd4 Rxd4
21. Bxh6 Kh7 22. Be3 Rd6 23. Ne4 Rf8+ 24. Ke2 Ra6 25. Nc5 Rd6 26. Nxb7 Rc6 27.
Rad1 Bc8 28. Nc5 a5 29. Rd4 Rxc5 30. Rhd1 Rcf5 31. Rh4+ Kg8 32. Bd4 e5 33. Be3
Be6 34. Re4 Kg7 35. g4 Rf3 36. Rxe5 Bc8 37. Rxe7+ Kg8 38. Rh1 Rg3 39. Rh2 Bb7
40. Rxc7 Bg2 41. Bd4 Bf1+ 42. Ke1 Rf4 43. Rg7+ Kf8 44. Rf2 Rxf2 45. Kxf2 Rg2+
46. Kxf1 Rxa2 47. Rxg6 Ra3 48. Bc5+ Ke8 1-0

[Event "25. Copenhagen Open  (Politiken Cup)"]
[Site "Copenhagen"]
[Date "2003.07.18"]
[Round "5"]
[White "Hartung Nielsen, Jens"]
[Black "Klitgaard, Thomas"]
[Result "1/2-1/2"]
[WhiteElo "2233"]
[BlackElo "2098"]
[PlyCount "95"]
[EventDate "2003.07.14"]
[EventType "swiss"]
[EventRounds "11"]
[EventCountry "DEN"]
[SourceDate "2004.01.01"]

1. d4 d5 2. Nf3 Nf6 3. e3 e6 4. Bd3 c5 5. b3 Be7 6. Bb2 O-O 7. Ne5 Nc6 8. O-O
Nxe5 9. dxe5 Nd7 10. f4 f5 11. g4 g6 12. Nd2 b6 13. c4 Nb8 14. e4 dxe4 15. Nxe4
Bb7 16. Nf6+ Bxf6 17. exf6 Qe8 18. Be2 Nd7 19. g5 e5 20. Bf3 e4 21. Bg2 Rd8 22.
Qc2 Qf7 23. Rad1 Nb8 24. Rxd8 Rxd8 25. Rd1 Rxd1+ 26. Qxd1 Qd7 27. Qxd7 Nxd7 28.
Kf1 Kf7 29. Ke2 Nb8 30. Ke3 Nc6 31. Bc3 Ke6 32. Bf1 Ba6 33. Be2 Nd8 34. h4 Nb7
35. Be5 Nd8 36. h5 Nc6 37. Bc3 Nd8 38. h6 Nf7 39. b4 Bc8 40. b5 Kd6 41. a4 Be6
42. Kd2 Kd7 43. Kc2 Kd6 44. Kb3 Kd7 45. Bd2 Kc7 46. Be3 Nd6 47. Kc3 Nf7 48. Bf1
1/2-1/2

[Event "25. Copenhagen Open  (Politiken Cup)"]
[Site "Copenhagen"]
[Date "2003.07.18"]
[Round "5"]
[White "Henrichsen, Jens"]
[Black "Richards, Heather"]
[Result "0-1"]
[WhiteElo "2076"]
[BlackElo "2233"]
[PlyCount "52"]
[EventDate "2003.07.14"]
[EventType "swiss"]
[EventRounds "11"]
[EventCountry "DEN"]
[SourceDate "2004.01.01"]

1. d4 e6 2. c4 Bb4+ 3. Bd2 a5 4. g3 Nc6 5. Nf3 d6 6. Bg2 Nf6 7. O-O Bxd2 8.
Qxd2 O-O 9. Nc3 e5 10. b3 Bg4 11. e3 Qc8 12. d5 Nb8 13. Rfc1 Na6 14. Na4 Ne4
15. Qc2 f5 16. Ne1 Ng5 17. c5 Qe8 18. cxd6 cxd6 19. h4 Nb4 20. Qc7 Nh3+ 21.
Bxh3 Bxh3 22. Qxd6 f4 23. exf4 exf4 24. Ng2 Rd8 25. Qb6 Nxd5 26. Qd4 Bxg2 0-1

[Event "25. Copenhagen Open  (Politiken Cup)"]
[Site "Copenhagen"]
[Date "2003.07.18"]
[Round "5"]
[White "Hjelm, Niclas"]
[Black "Mortensen, Erling"]
[Result "0-1"]
[WhiteElo "2331"]
[BlackElo "2445"]
[PlyCount "76"]
[EventDate "2003.07.14"]
[EventType "swiss"]
[EventRounds "11"]
[EventCountry "DEN"]
[SourceDate "2004.01.01"]

1. d4 Nf6 2. Nf3 g6 3. g3 Bg7 4. Bg2 O-O 5. O-O d6 6. Nc3 Nbd7 7. e4 e5 8. Re1
Re8 9. h3 b6 10. a4 a6 11. d5 Rf8 12. a5 b5 13. Na2 Bb7 14. Nb4 Nb8 15. Nh2 c5
16. dxc6 Nxc6 17. Nxc6 Bxc6 18. Bg5 Qc7 19. Qd3 Ne8 20. Be3 Qb7 21. Bb6 f5 22.
Rad1 Rc8 23. f3 Kh8 24. c3 f4 25. gxf4 Rxf4 26. Ng4 Rf7 27. Rf1 Qe7 28. Rf2 h5
29. Ne3 Bh6 30. Nd5 Qh4 31. Be3 Bxe3 32. Qxe3 Kh7 33. Kf1 Bxd5 34. Rxd5 Qd8 35.
b4 Nc7 36. Rdd2 Ne6 37. Qb6 Qg5 38. Rxd6 Qc1+ 0-1

[Event "25. Copenhagen Open  (Politiken Cup)"]
[Site "Copenhagen"]
[Date "2003.07.18"]
[Round "5"]
[White "Hoi, Carsten"]
[Black "Rossen, Claus"]
[Result "1-0"]
[WhiteElo "2385"]
[BlackElo "2202"]
[PlyCount "51"]
[EventDate "2003.07.14"]
[EventType "swiss"]
[EventRounds "11"]
[EventCountry "DEN"]
[SourceDate "2004.01.01"]

1. d4 Nf6 2. Nf3 e6 3. e3 b6 4. Bd3 Bb7 5. O-O c5 6. c4 g6 7. Nc3 Bg7 8. Qe2
O-O 9. Rd1 cxd4 10. exd4 d5 11. Bg5 Nc6 12. cxd5 exd5 13. Bb5 a6 14. Bxc6 Bxc6
15. Ne5 Qd6 16. Rac1 Bb7 17. h3 Rac8 18. Qe3 Ne4 19. Bh6 Nxc3 20. bxc3 f6 21.
Bxg7 Kxg7 22. Ng4 Rc7 23. Re1 Bc8 24. Qh6+ Kg8 25. Ne3 Re8 26. Nxd5 1-0

[Event "25. Copenhagen Open  (Politiken Cup)"]
[Site "Copenhagen"]
[Date "2003.07.18"]
[Round "5"]
[White "Hovmoller, Kristian"]
[Black "Flindt, Thomas"]
[Result "1-0"]
[WhiteElo "2302"]
[BlackElo "2134"]
[PlyCount "73"]
[EventDate "2003.07.14"]
[EventType "swiss"]
[EventRounds "11"]
[EventCountry "DEN"]
[SourceDate "2004.01.01"]

1. d4 Nc6 2. Nf3 d5 3. e3 Bg4 4. Bb5 e6 5. Nbd2 Bd6 6. c4 dxc4 7. Bxc6+ bxc6 8.
Qa4 Ne7 9. Qxc4 Rb8 10. O-O O-O 11. b3 Rb5 12. h3 Bh5 13. a4 Rb4 14. Qc2 Qb8
15. Ba3 Rb6 16. Nc4 Rb7 17. Na5 Rb6 18. Ne5 Bg6 19. Qc4 Qa8 20. Bc5 Be4 21. b4
Rd8 22. f3 Bd5 23. Qc3 f6 24. Nd3 e5 25. Bxb6 axb6 26. dxe5 fxe5 27. Nc4 e4 28.
fxe4 Bxe4 29. Nxd6 Rxd6 30. Nf2 c5 31. Nxe4 Qxe4 32. bxc5 Rg6 33. Rf2 h6 34.
Qd4 Qe6 35. cxb6 cxb6 36. e4 Nc6 37. Qd5 1-0

[Event "25. Copenhagen Open  (Politiken Cup)"]
[Site "Copenhagen"]
[Date "2003.07.18"]
[Round "5"]
[White "Hvenekilde, Jorgen"]
[Black "Speelman, Jonathan S"]
[Result "0-1"]
[WhiteElo "2259"]
[BlackElo "2589"]
[PlyCount "46"]
[EventDate "2003.07.14"]
[EventType "swiss"]
[EventRounds "11"]
[EventCountry "DEN"]
[SourceDate "2004.01.01"]

1. d4 Nf6 2. Nf3 e6 3. Bf4 c5 4. e3 Nc6 5. Nbd2 d5 6. c3 Bd6 7. Bg3 Bxg3 8.
hxg3 Qd6 9. Bb5 Bd7 10. Qe2 a6 11. Bd3 e5 12. e4 cxd4 13. cxd4 dxe4 14. Nxe4
Nxe4 15. Bxe4 Nxd4 16. Nxd4 Qxd4 17. Rd1 Qb4+ 18. Rd2 Bb5 19. Qg4 Kf8 20. Kd1
g6 21. Qh4 h5 22. Qf6 Qxe4 23. Rd7 Qb1+ (23... Qb1+ 24. Kd2 Qxb2+ 25. Kd1 (25.
Ke3 Qe2#) 25... Ba4+ 26. Ke1 Qc1+ 27. Ke2 Bb5+ 28. Kf3 (28. Rd3 Qc2+ 29. Ke1
Qb1+ 30. Kd2 Qxd3+ 31. Kc1 Rc8+ 32. Kb2 Qc3+ 33. Kb1 Bd3#) 28... Qc3+ 29. Ke4
Qc4+ 30. Kxe5 Re8+ 31. Kd6 (31. Re7 Rxe7+ 32. Qxe7+ Kxe7 33. Rxh5 (33. Rd1 f6#)
33... Rxh5#) 31... Qc6#) (23... Qe2+ 24. Kc1 Rc8+ 25. Rc7 Rxc7+ 26. Kb1 Qc2+
27. Ka1 Qc1+ 28. Rxc1 Rxc1#) 0-1

[Event "25. Copenhagen Open  (Politiken Cup)"]
[Site "Copenhagen"]
[Date "2003.07.18"]
[Round "5"]
[White "Jacobsen, Claus"]
[Black "McShane, Rod"]
[Result "1/2-1/2"]
[WhiteElo "1075"]
[BlackElo "1500"]
[PlyCount "100"]
[EventDate "2003.07.14"]
[EventType "swiss"]
[EventRounds "11"]
[EventCountry "DEN"]
[SourceDate "2004.01.01"]

1. e4 c5 2. Bc4 e6 3. Nf3 g6 4. d4 Bg7 5. Be3 cxd4 6. Bxd4 Bxd4 7. Qxd4 Qf6 8.
c3 Nc6 9. Qd6 Qe7 10. e5 Nh6 11. Bb5 Qxd6 12. exd6 Nf5 13. Bxc6 bxc6 14. O-O
Nxd6 15. b4 O-O 16. Nbd2 Nb5 17. c4 Nc7 18. a4 Rb8 19. Rab1 d5 20. Ne5 dxc4 21.
Nxc6 Ra8 22. Ne7+ Kg7 23. Nxc4 Bb7 24. Nd6 Bd5 25. Nxd5 Nxd5 26. Rfc1 Rfd8 27.
Nc4 Rab8 28. b5 Ne7 29. h3 Rd4 30. a5 Rc8 31. b6 axb6 32. Nxb6 Rxc1+ 33. Rxc1
Rb4 34. Rc7 Nf5 35. Nd7 Ra4 36. Ra7 h5 37. a6 Ra1+ 38. Kh2 Nd6 39. Ne5 Kf6 40.
Nc6 Ra2 41. f3 h4 42. Ra8 Nf5 43. Nb4 Ra4 44. Rb8 Ng3 45. Kg1 Ra1+ 46. Kf2 Rf1+
47. Ke3 Nf5+ 48. Ke2 Ra1 49. Rb7 Nd6 50. Rb6 Nc8 1/2-1/2

[Event "25. Copenhagen Open  (Politiken Cup)"]
[Site "Copenhagen"]
[Date "2003.07.18"]
[Round "5"]
[White "Jakobsen, Ole"]
[Black "Koneru, Humpy"]
[Result "1/2-1/2"]
[WhiteElo "2381"]
[BlackElo "2468"]
[PlyCount "42"]
[EventDate "2003.07.14"]
[EventType "swiss"]
[EventRounds "11"]
[EventCountry "DEN"]
[SourceDate "2004.01.01"]

1. d4 Nf6 2. c4 e6 3. Nf3 b6 4. Nc3 Bb4 5. Bg5 Bb7 6. Nd2 h6 7. Bh4 c5 8. a3
Bxc3 9. bxc3 d6 10. f3 Nbd7 11. e3 Qc7 12. Be2 Rc8 13. O-O O-O 14. a4 a5 15.
Bg3 Nh5 16. Bf2 f5 17. Re1 Ba6 18. Bf1 Nhf6 19. Bg3 Nh5 20. Bf2 Nhf6 21. Bg3
Nh5 1/2-1/2

[Event "25. Copenhagen Open  (Politiken Cup)"]
[Site "Copenhagen"]
[Date "2003.07.18"]
[Round "5"]
[White "Jensen, Alexander Lindberg"]
[Black "Dalso, Harry"]
[Result "0-1"]
[WhiteElo "1539"]
[BlackElo "1802"]
[PlyCount "42"]
[EventDate "2003.07.14"]
[EventType "swiss"]
[EventRounds "11"]
[EventCountry "DEN"]
[SourceDate "2004.01.01"]

1. d4 Nf6 2. c4 e5 3. d5 Bc5 4. Bg5 Ne4 5. Be3 Bxe3 6. fxe3 Qh4+ 7. g3 Nxg3 8.
hxg3 Qxh1 9. Nf3 Qh6 10. Qd3 d6 11. Nbd2 f5 12. e4 O-O 13. exf5 Bxf5 14. e4 Bg4
15. Bg2 Nd7 16. O-O-O Nc5 17. Qe2 Bxf3 18. Bxf3 Rf6 19. Rh1 Qg5 20. Qg2 Raf8
21. Kc2 Qe3 0-1

[Event "25. Copenhagen Open  (Politiken Cup)"]
[Site "Copenhagen"]
[Date "2003.07.18"]
[Round "5"]
[White "Johansson, Thomas"]
[Black "Eddy, Samuel"]
[Result "1-0"]
[WhiteElo "2231"]
[BlackElo "2055"]
[PlyCount "57"]
[EventDate "2003.07.14"]
[EventType "swiss"]
[EventRounds "11"]
[EventCountry "DEN"]
[SourceDate "2004.01.01"]

1. e4 e6 2. d4 d5 3. exd5 exd5 4. c4 Bb4+ 5. Nc3 Nc6 6. Be3 Nge7 7. Nf3 Bg4 8.
a3 Bxc3+ 9. bxc3 O-O 10. h3 Bh5 11. Be2 Re8 12. O-O f6 13. Rb1 b6 14. Qa4 Na5
15. g4 Bg6 16. Rbc1 Nxc4 17. Bxc4 dxc4 18. Qxc4+ Bf7 19. Qd3 Bd5 20. Nh4 f5 21.
Nxf5 Nxf5 22. Qxf5 Rf8 23. Qe5 Rf3 24. c4 Bb7 25. d5 Qh4 26. Bd4 Qh6 27. Rc3
Raf8 28. Rxf3 Rxf3 29. Qxc7 1-0

[Event "25. Copenhagen Open  (Politiken Cup)"]
[Site "Copenhagen"]
[Date "2003.07.18"]
[Round "5"]
[White "Johnson, Bjrn"]
[Black "Madsen, Gert Medom"]
[Result "1-0"]
[WhiteElo "2256"]
[BlackElo "1734"]
[PlyCount "111"]
[EventDate "2003.07.14"]
[EventType "swiss"]
[EventRounds "11"]
[EventCountry "DEN"]
[SourceDate "2004.01.01"]

1. b3 e5 2. Bb2 d6 3. e3 Nf6 4. Nf3 Be7 5. c4 Bg4 6. d3 Nbd7 7. Be2 O-O 8. Nbd2
a5 9. a3 c6 10. h3 Bxf3 11. Bxf3 Qc7 12. Qc2 Rfc8 13. g4 Kh8 14. h4 Ng8 15. Ke2
Nb6 16. Qc3 f6 17. d4 Nd7 18. Rag1 Nf8 19. Be4 Rd8 20. d5 c5 21. Qc2 Rdb8 22.
Bd3 Bd8 23. Ne4 b6 24. Nc3 Be7 25. Kd2 Re8 26. Kc1 Reb8 27. Kb1 Re8 28. Ka2
Reb8 29. Bc1 Re8 30. f3 Reb8 31. Rh3 Re8 32. h5 Qd8 33. Rhg3 Rb8 34. Qg2 Rb7
35. f4 Ra7 36. Bb2 Rb7 37. Nb5 Rd7 38. Bf5 Rb7 39. Nc3 Nh6 40. Qh3 Nd7 41. Be6
Ng8 42. Ne4 Rf8 43. Qg2 Ra7 44. Qh3 a4 45. g5 axb3+ 46. Kb1 f5 47. Bxf5 Rxf5
48. Qxf5 b5 49. cxb5 Rxa3 50. Bxa3 Qa5 51. Bb2 Nb6 52. Nc3 Nc4 53. h6 Na3+ 54.
Kc1 Nxb5 55. Qf7 Nxc3 56. hxg7# 1-0

[Event "25. Copenhagen Open  (Politiken Cup)"]
[Site "Copenhagen"]
[Date "2003.07.18"]
[Round "5"]
[White "Jorgensen, Dennis"]
[Black "Lund, Silas"]
[Result "1-0"]
[WhiteElo "2104"]
[BlackElo "2283"]
[PlyCount "79"]
[EventDate "2003.07.14"]
[EventType "swiss"]
[EventRounds "11"]
[EventCountry "DEN"]
[SourceDate "2004.01.01"]

1. d4 e6 2. c4 d5 3. Nc3 c6 4. e3 Bd6 5. Nf3 f5 6. Bd3 Nh6 7. h3 Qf6 8. Qc2 Nd7
9. Bd2 O-O 10. O-O-O Kh8 11. Kb1 dxc4 12. Bxc4 e5 13. dxe5 Nxe5 14. Nxe5 Bxe5
15. f4 Bc7 16. Ne2 Qe7 17. Nd4 Bd7 18. Nf3 Nf7 19. Bc3 Rad8 20. Rhe1 Nd6 21.
Bd3 Be6 22. Ne5 Bd5 23. Ka1 Qe6 24. b3 a5 25. g4 Ne4 26. gxf5 Qxf5 27. Rg1 Rfe8
28. Bb2 h6 29. Ng6+ Kh7 30. Nh4 Qf7 31. Rg2 Kh8 32. Rdg1 Ng5 33. Rg3 Ne6 34.
Bg6 Qe7 35. Nf5 Qb4 36. Nxg7 Nxg7 37. Bxe8 Be4 38. Rxg7 Bxc2 39. Rg8+ Kh7 40.
R1g7# 1-0

[Event "25. Copenhagen Open  (Politiken Cup)"]
[Site "Copenhagen"]
[Date "2003.07.18"]
[Round "5"]
[White "Kaaber Hansen, Jacob"]
[Black "Rasmussen, Peter Nybo"]
[Result "1-0"]
[WhiteElo "2032"]
[BlackElo "1692"]
[PlyCount "91"]
[EventDate "2003.07.14"]
[EventType "swiss"]
[EventRounds "11"]
[EventCountry "DEN"]
[SourceDate "2004.01.01"]

1. d4 Nf6 2. Nc3 d5 3. Bg5 e6 4. e4 dxe4 5. Nxe4 Be7 6. Bxf6 Bxf6 7. Nf3 O-O 8.
c3 Nd7 9. Bd3 b6 10. Qe2 Bb7 11. h4 e5 12. dxe5 Bxe5 13. O-O-O Re8 14. Kb1 Bd6
15. Qc2 Nf8 16. Neg5 g6 17. h5 Bxf3 18. Nxf3 Qf6 19. hxg6 hxg6 20. Rh4 Rad8 21.
Rdh1 Bf4 22. Be4 c5 23. Rg4 Re7 24. g3 Bb8 25. Nh4 Rde8 26. f3 Re5 27. Nf5 Nh7
28. Qh2 Rxf5 29. Qxh7+ Kf8 30. Qh8+ Qxh8 31. Rxh8+ Ke7 32. Rxe8+ Kxe8 33. Bxf5
gxf5 34. Rg5 Ke7 35. f4 Kf6 36. Rg8 Bc7 37. Ra8 a5 38. Ra7 Bd8 39. Rd7 Be7 40.
Rb7 Bd8 41. Kc2 Ke6 42. Kd3 f6 43. Kc4 Kd6 44. Kb5 Bc7 45. c4 a4 46. Rxb6+ 1-0

[Event "25. Copenhagen Open  (Politiken Cup)"]
[Site "Copenhagen"]
[Date "2003.07.18"]
[Round "5"]
[White "Knudsen, Erik"]
[Black "Christensen, Christoffer"]
[Result "0-1"]
[WhiteElo "1105"]
[BlackElo "1599"]
[PlyCount "78"]
[EventDate "2003.07.14"]
[EventType "swiss"]
[EventRounds "11"]
[EventCountry "DEN"]
[SourceDate "2004.01.01"]

1. d4 Nf6 2. Nf3 g6 3. Bf4 Bg7 4. Nbd2 O-O 5. e3 d6 6. Bd3 Nh5 7. Bg5 Bf6 8.
Bxf6 Nxf6 9. O-O Nc6 10. c3 e5 11. dxe5 dxe5 12. Qc2 Qe7 13. Nc4 e4 14. Bxe4
Qxe4 15. Qxe4 Nxe4 16. Rad1 Bg4 17. h3 Bxf3 18. gxf3 Nf6 19. Rd3 Rfd8 20. Rfd1
Rxd3 21. Rxd3 Rd8 22. Rxd8+ Nxd8 23. e4 Nc6 24. Kf1 Kf8 25. Ke2 Nh5 26. Ke3 g5
27. b4 Nf4 28. b5 Nd8 29. Ne5 Nxh3 30. c4 h5 31. a4 b6 32. Nd3 Ne6 33. Ne5 Nhf4
34. Nd7+ Ke7 35. Ne5 Nd8 36. Nd3 Nde6 37. Ne1 h4 38. Nd3 Nxd3 39. Kxd3 h3 0-1

[Event "25. Copenhagen Open  (Politiken Cup)"]
[Site "Copenhagen"]
[Date "2003.07.18"]
[Round "5"]
[White "Korolev, Nikolaj"]
[Black "Christensen, Janus"]
[Result "0-1"]
[WhiteElo "2117"]
[BlackElo "1951"]
[PlyCount "94"]
[EventDate "2003.07.14"]
[EventType "swiss"]
[EventRounds "11"]
[EventCountry "DEN"]
[SourceDate "2004.01.01"]

1. e4 Nf6 2. e5 Nd5 3. d4 d6 4. c4 Nb6 5. Nf3 Bg4 6. Be2 Nc6 7. exd6 cxd6 8.
Nbd2 e6 9. O-O Be7 10. b3 O-O 11. Bb2 a6 12. Re1 d5 13. c5 Nd7 14. a3 b6 15. b4
bxc5 16. dxc5 Bf6 17. Bxf6 Nxf6 18. Nf1 Qc7 19. Ne3 Bxf3 20. Bxf3 Rfb8 21. Rb1
Ne5 22. Be2 Ne4 23. Qc2 Nc6 24. Rec1 Nd4 25. Qd3 Qe5 26. Bf1 Ng5 27. a4 f5 28.
f3 Rf8 29. Nc2 Nc6 30. Qe3 Qf6 31. f4 Ne4 32. b5 axb5 33. axb5 d4 34. Qd3 Ne7
35. Qxd4 Qh6 36. g3 Rfd8 37. Qe3 Rd2 38. Bg2 Nd5 39. Qe1 Ndc3 40. Ra1 Rxa1 41.
Nxa1 Ne2+ 42. Qxe2 Rxe2 43. c6 Qh5 44. c7 Rxg2+ 45. Kxg2 Qe2+ 46. Kh3 Nf2+ 47.
Kg2 Ng4+ 0-1

[Event "25. Copenhagen Open  (Politiken Cup)"]
[Site "Copenhagen"]
[Date "2003.07.18"]
[Round "5"]
[White "Krasenkow, Michal"]
[Black "Nielsen, Peter Heine"]
[Result "0-1"]
[WhiteElo "2585"]
[BlackElo "2636"]
[PlyCount "80"]
[EventDate "2003.07.14"]
[EventType "swiss"]
[EventRounds "11"]
[EventCountry "DEN"]
[SourceDate "2004.01.01"]

1. d4 Nf6 2. c4 e6 3. Nf3 d5 4. Nc3 Be7 5. Qc2 c5 6. dxc5 d4 7. Na4 b6 8. e4
bxc5 9. Bd3 Nc6 10. a3 e5 11. O-O O-O 12. Bd2 Bg4 13. Ne1 Qc7 14. f3 Be6 15.
Be2 Na5 16. Bxa5 Qxa5 17. Nd3 Nd7 18. b4 Qc7 19. Naxc5 Bxc5 20. bxc5 Nxc5 21.
Rab1 Rab8 22. Rfe1 Bd7 23. Rxb8 Rxb8 24. Rb1 Ba4 25. Rxb8+ Qxb8 26. Qd2 Nxd3
27. Bxd3 Qb3 28. Qa5 h5 29. Qxa7 Bc6 30. Qc7 Qxd3 31. Qxc6 Qe3+ 32. Kf1 d3 33.
Qc8+ Kh7 34. Qf5+ Kg8 35. Qc8+ Kh7 36. Qf5+ Kh6 37. g4 hxg4 38. fxg4 g6 39. Qf2
Qc1+ 40. Kg2 Kg7 0-1

[Event "25. Copenhagen Open  (Politiken Cup)"]
[Site "Copenhagen"]
[Date "2003.07.18"]
[Round "5"]
[White "Kristjansson, Atli Freyr"]
[Black "Agustsson, Hafsteinn"]
[Result "1/2-1/2"]
[WhiteElo "1560"]
[BlackElo "1929"]
[PlyCount "59"]
[EventDate "2003.07.14"]
[EventType "swiss"]
[EventRounds "11"]
[EventCountry "DEN"]
[SourceDate "2004.01.01"]

1. e4 c5 2. Nf3 Nc6 3. d4 cxd4 4. Nxd4 Nf6 5. Nc3 d6 6. Bc4 e5 7. Nb3 Be6 8.
Bd5 a5 9. a4 Bxd5 10. exd5 Nb4 11. Bg5 Be7 12. Be3 Rc8 13. O-O O-O 14. Rc1 Nd7
15. Nb5 f5 16. c3 Na6 17. f4 e4 18. Qd2 Ndc5 19. N3d4 Nd3 20. Ne6 Qd7 21. Nxf8
Kxf8 22. Rcd1 Nac5 23. Qc2 b6 24. Bxc5 dxc5 25. Rxd3 exd3 26. Qxd3 c4 27. Qf3
Bc5+ 28. Kh1 Re8 29. Rd1 Re4 30. d6 1/2-1/2

[Event "25. Copenhagen Open  (Politiken Cup)"]
[Site "Copenhagen"]
[Date "2003.07.18"]
[Round "5"]
[White "Lappage, Jonathan"]
[Black "Hasling, Rolf Hjortkjaer"]
[Result "1-0"]
[WhiteElo "2208"]
[BlackElo "2040"]
[PlyCount "101"]
[EventDate "2003.07.14"]
[EventType "swiss"]
[EventRounds "11"]
[EventCountry "DEN"]
[SourceDate "2004.01.01"]

1. e4 c5 2. Nc3 e6 3. f4 Ne7 4. Nf3 d6 5. d4 cxd4 6. Nxd4 a6 7. Be3 b5 8. a3
Bb7 9. Be2 Nbc6 10. Nb3 g6 11. Qd2 Qc7 12. Bxb5 Rd8 13. Be2 Bg7 14. Bf3 O-O 15.
O-O Rb8 16. Rad1 Rfd8 17. Na4 Bc8 18. Qf2 d5 19. e5 a5 20. Bb6 Rxb6 21. Qxb6
Qxb6+ 22. Nxb6 Ba6 23. Rfe1 Rb8 24. Nd7 Rc8 25. Nbc5 Ra8 26. c3 h5 27. Nxa6
Rxa6 28. Nc5 Rb6 29. b4 Nf5 30. g3 axb4 31. axb4 Nb8 32. Nb3 Bf8 33. Nd4 Nxd4
34. Rxd4 Nc6 35. Rd3 Ne7 36. Kf2 Nf5 37. Ra1 Kh7 38. Ra7 Nh6 39. Rc7 Ra6 40.
Rd2 Rb6 41. Ra2 Rb8 42. Raa7 d4 43. cxd4 Rxb4 44. d5 Rb5 45. d6 Rb2+ 46. Kg1
Rd2 47. Ra1 Kg7 48. Rd1 Rxd1+ 49. Bxd1 Nf5 50. d7 Be7 51. Rc8 1-0